[Event "Toronto NAYCC U14 Girls"]
[Site "Toronto"]
[Date "2013.08.16"]
[Round "5"]
[White "Ravishankar, Rakshaa"]
[Black "Kulkarni, Soumya"]
[Result "0-1"]
[WhiteElo "1431"]
[BlackElo "1769"]
[PlyCount "188"]
[EventDate "2013.08.14"]
[EventType "swiss"]
[EventRounds "9"]
[EventCountry "CAN"]
[SourceTitle "EXT 2022"]
[Source "ChessBase"]
[SourceDate "2021.10.06"]
[SourceVersion "1"]
[SourceVersionDate "2021.10.06"]
[SourceQuality "1"]

1. e4 e5 2. Nf3 Nc6 3. Bb5 a6 4. Ba4 Nf6 5. 0-0 b5 6. Bb3 Bc5 7. d3 d6 8. h3 h6 9. Nc3 0-0 10. Bd2 Na5 11. Ne2 Nxb3 12. axb3 Re8 13. Qe1 c6 14. c4 Be6 15. Bb4 Bxb4 16. Qxb4 c5 17. Qd2 Qb6 18. Rfc1 Reb8 19. Rc2 Kf8 20. Rac1 b4 21. Nh2 a5 22. Ra1 Ra7 23. f4 Rba8 24. Nf3 Qc7 25. Rcc1 a4 26. bxa4 Rxa4 27. Rxa4 Rxa4 28. b3 Ra3 29. Qb2 Qa7 30. fxe5 Ra2 31. Qb1 dxe5 32. Re1 Nd7 33. Nc1 Ra6 34. Re2 Ra1 35. Qc2 Ra3 36. Qd1 f6 37. Rb2 Kf7 38. Qd2 Nf8 39. Ra2 Ng6 40. Rxa3 Qxa3 41. Qc2 Nf4 42. Kf2 Bd7 43. Nd2 Bxh3 44. gxh3 Nxh3+ 45. Ke1 Nf4 46. Kd1 Qa1 47. Nf3 g5 48. Qa2 Qxa2 49. Nxa2 Nxd3 50. Kd2 Nf4 51. Nh2 h5 52. Nc1 g4 53. Ne2 Kg6 54. Ke3 Kg5 55. Ng3 h4 56. Nf5 Ng6 57. Ng7 g3 58. Nf3+ Kg4 59. Nf5 h3 60. Nh6+ Kh5 61. Nf5 g2 62. Kf2 Nf4 63. Ng3+ Kg4 64. Nh2+ Kg5 65. Nf3+ Kg6 66. Nh4+ Kf7 67. Nf3 Nd3+ 68. Kg1 Nc1 69. Nd2 Kg6 70. Kf2 Kg5 71. Nf3+ Kf4 72. Nh5+ Kxe4 73. Nxf6+ Kf5 74. Nd5 e4 75. Ne3+ Kf6 76. Ng4+ Ke6 77. Nfe5 e3+ 78. Kg1 e2 79. Nf3 Nd3 80. Nf2 e1Q+ 81. Nxe1 Nxe1 82. Nxh3 Nf3+ 83. Kf2 g1Q+ 84. Nxg1 Nxg1 85. Kxg1 Ke5 86. Kf2 Kd4 87. Ke2 Kc3 88. Kd1 Kxb3 89. Kd2 Ka2 90. Kc2 b3+ 91. Kc1 b2+ 92. Kc2 b1Q+ 93. Kc3 Qb4+ 94. Kd3 Kb3 0-1